| 000 | 00936nam a22002417a 4500 | ||
|---|---|---|---|
| 008 | 110519t xxu||||| |||| 00| 0 eng d | ||
| 020 | _a0071494502 | ||
| 020 | _a9780071494502 | ||
| 082 |
_222 _a617.0231 _bDIG |
||
| 100 |
_aDiGiulio, Mary. _923948 |
||
| 245 |
_aMedical-Surgical Nursing Demystified / _cMary Digiulio, Donna Jackson, Jim Keogh. |
||
| 260 |
_aNew York : _bMcGraw-Hill, 2007 _c2007 |
||
| 300 |
_axviii, 604 p. : _bill. ; _c24 cm. |
||
| 440 | _923949 | ||
| 490 |
_923944 _aDemystified series |
||
| 500 | _a"A Self-teaching Guide"--Cover. | ||
| 500 | _aIncludes index. | ||
| 541 | _aDr. Shahrazad ; | ||
| 650 |
_920387 _aSurgical nursing. |
||
| 653 |
_aNursing _bNUR _cMay2011 |
||
| 942 |
_2ddc _cNRB |
||
| 999 |
_c15335 _d15335 |
||